Statistiken für Länder mit meisten Bundesligaspielern (gesamte Historie)

Klicken Sie hier um das Quiz zu spielen!

Allgemein

  • Dieses Quiz wurde 642 mal gespielt
    (267 seit der letzten Aktualisierung)
  • Das Durchschnittsergebnis liegt bei 38 aus 47

Antwortstatistiken

Anzahl SpielerNation% Korrekt
4588Deutschland
100%
144Österreich
99%
110Schweiz
99%
108Frankreich
98%
80Schweden
97%
57Spanien
97%
148Dänemark
96%
75USA
96%
170Brasilien
95%
29Italien
95%
62Norwegen
95%
116Polen
95%
22Russland
95%
139Niederlande
94%
92Tschechien
93%
43Argentinien
92%
66Belgien
92%
27England
92%
36Portugal
92%
41Japan
91%
24Finnland
89%
106Serbien
87%
140Kroatien
86%
104Türkei
84%
26Marokko
81%
28Slowakei
81%
45Ungarn
81%
21Ukraine
80%
43Griechenland
79%
22Slowenien
79%
23Südkorea
78%
24Australien
75%
33Rumänien
72%
31Bulgarien
71%
48Bosnien-Herzegowina
70%
23Albanien
67%
48Ghana
65%
41Nigeria
62%
34Kamerun
61%
16Iran
59%
24Senegal
59%
22Tunesien
56%
19Elfenbeinküste
54%
17Kosovo
52%
21Nordmazedonien
45%
15Israel
42%
16DR Kongo
36%

Verteilung der Resultate

Perzentil nach korrekt beantworteten Fragen

Anzahl Personen mit jedem Resultat

Ihre Resultats-Entwicklung

Sie haben dieses Quiz seit der letzten Aktualisierung nicht gespielt